[Event "Bundesliga 2008-9"]
[Site "Munich GER"]
[Date "2008.10.25"]
[Round "3"]
[White "Berkes,F"]
[Black "Khenkin,I"]
[Result "1/2-1/2"]
[WhiteElo "2645"]
[BlackElo "2647"]
[EventDate "2008.10.03"]

1. d4 Nf6 2. Nf3 d5 3. c4 e6 4. Nc3 dxc4 5. e3 a6 6. a4 c5 7. Bxc4 Nc6 8.
O-O Be7 9. Qe2 cxd4 10. Rd1 e5 11. exd4 1/2-1/2

[Event "Bundesliga 2008-9"]
[Site "Munich GER"]
[Date "2008.10.25"]
[Round "3"]
[White "Bindrich,F"]
[Black "Boensch,U"]
[Result "1/2-1/2"]
[WhiteElo "2517"]
[BlackElo "2523"]
[EventDate "2008.10.03"]

1. d4 d5 2. c4 e6 3. Nc3 Nf6 4. cxd5 exd5 5. Bg5 c6 6. e3 Be7 7. Bd3 Nbd7
8. Nf3 O-O 9. Qc2 Re8 10. O-O Nf8 11. h3 Be6 12. Rab1 N6d7 13. Bf4 Nb6 14.
b4 Rc8 15. Rfd1 Bd6 16. Bxd6 Qxd6 17. Ne2 g6 18. Nf4 Bd7 19. Qc5 Qb8 20.
Ne5 Na4 21. Qc2 b5 22. e4 Qd6 23. Qb3 Ne6 24. Nxe6 1/2-1/2

[Event "Bundesliga 2008-9"]
[Site "Munich GER"]
[Date "2008.10.25"]
[Round "3"]
[White "Teske,H"]
[Black "Medvegy,Z"]
[Result "0-1"]
[WhiteElo "2513"]
[BlackElo "2556"]
[EventDate "2008.10.03"]

1. d4 Nf6 2. c4 e6 3. Nf3 b6 4. Bf4 Bb7 5. e3 Be7 6. Nc3 d5 7. cxd5 Nxd5 8.
Nxd5 Bxd5 9. Bb5+ c6 10. Bd3 f5 11. O-O O-O 12. Rc1 c5 13. dxc5 bxc5 14.
Qe2 Nd7 15. Rfd1 Qb6 16. b3 Rad8 17. Bc4 Nf6 18. Ne5 Bd6 19. Bxd5 exd5 20.
Qc2 g5 21. Bg3 f4 22. exf4 gxf4 23. Bxf4 Nh5 24. Bh6 Bxe5 25. Bxf8 Rxf8 26.
Rxd5 Qf6 27. Re1 Bd4 28. Rxh5 Qxf2+ 29. Qxf2 Bxf2+ 30. Kf1 Bg3+ 31. Ke2
Re8+ 32. Kf3 Bxe1 33. Rxc5 Rf8+ 34. Ke2 Re8+ 35. Kf3 Rf8+ 36. Ke2 Bf2 37.
Rg5+ Kh8 38. a4 Bg1 39. h4 Rg8 40. Rxg8+ Kxg8 41. b4 Kf7 42. Kf3 Ke6 43. b5
Bb6 44. Kg4 Ba5 45. Kh5 Bd2 46. g4 Kd6 47. g5 Be1 48. Kh6 Bxh4 49. a5 Kd7
0-1

[Event "Bundesliga 2008-9"]
[Site "Munich GER"]
[Date "2008.10.25"]
[Round "3"]
[White "Guliyev,N"]
[Black "Kindermann,S"]
[Result "1/2-1/2"]
[WhiteElo "2521"]
[BlackElo "2517"]
[EventDate "2008.10.03"]

1. e4 e6 2. d4 d5 3. Nc3 Nf6 4. e5 Nfd7 5. f4 c5 6. Nf3 Nc6 7. Be3 cxd4 8.
Nxd4 Bc5 9. Qd2 O-O 10. O-O-O a6 11. Kb1 Nxd4 12. Bxd4 b5 13. h4 b4 14. Na4
Bxd4 15. Qxd4 Qa5 16. b3 Bb7 17. Rh3 Bc6 18. Nb2 Bb5 19. Bd3 Rac8 20. Bxb5
Qxb5 21. Nd3 a5 22. Rd2 Nc5 23. Nxc5 Rxc5 24. Rf3 Rfc8 25. f5 Qc6 26. Qf2
exf5 27. Rxf5 Qe6 28. Qf4 Qc6 29. Qf2 Qe6 30. Qf4 Qc6 31. Qf2 Qe6 32. Qf4
1/2-1/2

[Event "Bundesliga 2008-9"]
[Site "Munich GER"]
[Date "2008.10.25"]
[Round "3"]
[White "Bromberger,S"]
[Black "Vogt,L"]
[Result "1/2-1/2"]
[WhiteElo "2504"]
[BlackElo "2446"]
[EventDate "2008.10.03"]

1. d4 Nf6 2. c4 g6 3. Nc3 Bg7 4. e4 d6 5. Nf3 O-O 6. Be2 Bg4 7. Be3 Nfd7 8.
Rc1 c5 9. d5 b5 10. cxb5 a6 11. a4 Qa5 12. O-O Bxf3 13. Bxf3 axb5 14. axb5
Qb4 15. Qc2 Ne5 16. Be2 Bf6 17. Ra1 Nbd7 18. Ra6 Nc4 19. Bh6 Rfb8 20. Na2
Qxb2 21. Qxc4 Nb6 22. Rxb6 Rxb6 23. Nc1 Ra3 1/2-1/2

[Event "Bundesliga 2008-9"]
[Site "Munich GER"]
[Date "2008.10.25"]
[Round "3"]
[White "Dudek,Ri"]
[Black "Hertneck,G"]
[Result "0-1"]
[WhiteElo "2254"]
[BlackElo "2519"]
[EventDate "2008.10.03"]

1. e4 c5 2. Nc3 Nc6 3. g3 g6 4. Bg2 Bg7 5. d3 d6 6. Be3 Rb8 7. Qd2 b5 8. a3
Qa5 9. Nge2 b4 10. Nd1 bxa3 11. Rxa3 Qxd2+ 12. Kxd2 Nf6 13. h3 Nd7 14. c3
Nb6 15. f4 Bd7 16. Nf2 O-O 17. Rb1 a5 18. e5 dxe5 19. Bxc5 Rfd8 20. Bxc6
Bxc6 21. Bxb6 Rxb6 22. Rxa5 exf4 23. gxf4 Bf3 24. d4 Bh6 25. Nd3 f6 26. Ke3
Bd5 27. Rc5 e5 28. dxe5 fxe5 29. Nxe5 Ba2 30. Ra1 Rxb2 31. Nd3 Rc2 32. Nd4
Re8+ 33. Kf3 Rd2 34. Ne5 Rf8 35. Ne2 Be6 36. Ra7 Bxh3 37. Rcc7 Bf1 38. Nf7
Bxe2+ 39. Ke3 Bxf4+ 40. Kxf4 Bc4 41. Rxc4 Rxf7+ 42. Rxf7 Kxf7 43. Rc7+ Kg8
44. Ke5 Re2+ 45. Kf6 Rf2+ 46. Ke6 h5 47. c4 h4 48. Ra7 h3 49. Ra1 h2 50. c5
g5 51. c6 g4 52. c7 Rc2 53. Kf5 g3 0-1

[Event "Bundesliga 2008-9"]
[Site "Munich GER"]
[Date "2008.10.25"]
[Round "3"]
[White "Beim,V"]
[Black "Dekan,H"]
[Result "1-0"]
[WhiteElo "2506"]
[BlackElo "2187"]
[EventDate "2008.10.03"]

1. c4 Nf6 2. Nc3 d5 3. cxd5 Nxd5 4. Nf3 e6 5. d4 Be7 6. e3 O-O 7. Bd3 c5 8.
O-O a6 9. Nxd5 Qxd5 10. Qc2 Qh5 11. dxc5 h6 12. Bd2 Qxc5 13. Bc3 Nc6 14.
Rac1 Nb4 15. Bh7+ Kh8 16. Qb1 Qh5 17. Be4 Nd5 18. Be5 Nf6 19. Rc7 Bd8 20.
Rc5 Bb6 21. Rc4 Nxe4 22. Qxe4 Qf5 23. Qh4 f6 24. e4 Qg6 25. Bd6 Rd8 26. e5
Bd7 27. Rg4 Qf7 28. exf6 Qxf6 29. Qg3 Rg8 30. Be5 Qf7 31. Rf4 Qh5 32. Rh4
Qf7 33. Rf4 Qe7 34. Qg6 Bc8 1-0

[Event "Bundesliga 2008-9"]
[Site "Munich GER"]
[Date "2008.10.26"]
[Round "4"]
[White "Marcelin,C"]
[Black "Berkes,F"]
[Result "0-1"]
[WhiteElo "2494"]
[BlackElo "2645"]
[EventDate "2008.10.03"]

1. d4 Nf6 2. c4 g6 3. Nc3 d5 4. Bg5 Ne4 5. Bh4 Nxc3 6. bxc3 dxc4 7. Qa4+
Qd7 8. Qxc4 b6 9. Bg3 c5 10. Be5 f6 11. Bxb8 Rxb8 12. a4 cxd4 13. cxd4 e5
14. Nf3 Bb7 15. e3 Rc8 16. Qb5 Bc6 17. Qb3 a5 18. Ba6 Bb4+ 19. Ke2 e4 20.
Nd2 Qg4+ 21. Ke1 Ke7 22. Bxc8 Rxc8 23. Rg1 Qd7 24. Kd1 Bd5 25. Qb1 Rc3 26.
Nxe4 Bb3+ 27. Ke2 Rc2+ 28. Kf3 Qf5+ 29. Kg3 Be6 0-1

[Event "Bundesliga 2008-9"]
[Site "Munich GER"]
[Date "2008.10.26"]
[Round "4"]
[White "Gyimesi,Z"]
[Black "Bezold,M"]
[Result "1/2-1/2"]
[WhiteElo "2592"]
[BlackElo "2513"]
[EventDate "2008.10.03"]

1. d4 d6 2. Nf3 g6 3. c4 Bg7 4. e4 Bg4 5. Be2 Nc6 6. Be3 e5 7. d5 Bxf3 8.
Bxf3 Nd4 9. Bxd4 exd4 10. O-O Ne7 11. Nd2 c5 12. b4 b6 13. bxc5 bxc5 14.
Rb1 O-O 15. Qa4 Nc8 16. Nb3 Nb6 17. Qa6 Qd7 18. Na5 Qa4 19. Qb5 Qxb5 20.
Rxb5 Rfe8 21. g3 1/2-1/2

[Event "Bundesliga 2008-9"]
[Site "Munich GER"]
[Date "2008.10.26"]
[Round "4"]
[White "Belezky,A"]
[Black "Bindrich,F"]
[Result "1/2-1/2"]
[WhiteElo "2466"]
[BlackElo "2517"]
[EventDate "2008.10.03"]

1. Nf3 d5 2. g3 Nf6 3. Bg2 c6 4. d3 Bg4 5. O-O Nbd7 6. Nbd2 e6 7. e4 Be7 8.
h3 Bh5 9. b3 O-O 10. Bb2 a5 11. a3 b5 12. Qe1 Qb6 13. Kh2 Rad8 14. Ne5 Nxe5
15. Bxe5 Qc5 16. Ra2 Bg6 17. Bc7 Ra8 18. Bxa5 Qd4 19. Nf3 Qa7 20. b4 dxe4
21. Ne5 exd3 22. Nxc6 Qb7 23. Nxe7+ Qxe7 24. Bxa8 Rxa8 25. cxd3 1/2-1/2

[Event "Bundesliga 2008-9"]
[Site "Munich GER"]
[Date "2008.10.26"]
[Round "4"]
[White "Medvegy,Z"]
[Black "Renner,Christo"]
[Result "1-0"]
[WhiteElo "2556"]
[BlackElo "2422"]
[EventDate "2008.10.03"]

1. d4 f5 2. g3 Nf6 3. Bg2 d6 4. Nf3 g6 5. O-O Bg7 6. b4 e5 7. dxe5 dxe5 8.
Qxd8+ Kxd8 9. Rd1+ Ke8 10. Nc3 e4 11. Nd4 Bd7 12. b5 a6 13. Rb1 axb5 14.
Ndxb5 Kd8 15. f3 Kc8 16. Bf4 Nh5 17. fxe4 Nxf4 18. gxf4 fxe4 19. Nxe4 Ra5
20. Nc5 Rxb5 21. Rxb5 c6 22. Rxb7 Bf8 23. Rxb8+ 1-0

[Event "Bundesliga 2008-9"]
[Site "Munich GER"]
[Date "2008.10.26"]
[Round "4"]
[White "Meissner,B"]
[Black "Guliyev,N"]
[Result "0-1"]
[WhiteElo "2418"]
[BlackElo "2521"]
[EventDate "2008.10.03"]

1. d4 d5 2. c4 dxc4 3. Nf3 Nf6 4. Nc3 a6 5. e4 b5 6. e5 Nd5 7. a4 e6 8.
axb5 Nb6 9. Be3 Bb7 10. bxa6 Rxa6 11. Rc1 Nc6 12. Nd2 Nb4 13. Nxc4 Bxg2 14.
Bxg2 Nxc4 15. O-O Be7 16. Ne4 Nb6 17. Qg4 Kf8 18. Kh1 N6d5 19. Rg1 h5 20.
Qg3 h4 21. Qg4 g6 22. Nc5 Bxc5 23. Rxc5 h3 24. Bxh3 Qh4 25. Qxh4 Rxh4 26.
Bg2 Kg7 27. h3 Nd3 28. Rxd5 exd5 29. Bf1 Ne1 30. Bg5 Rh8 31. Rg3 Rb6 32.
Bf6+ Rxf6 33. exf6+ Kxf6 34. Rc3 Rb8 35. b3 Rb4 36. Rc6+ Kg7 37. Rxc7 Rxd4
38. Rc1 Nf3 39. Be2 Nd2 40. Bd1 Ne4 41. Kg1 Rd2 42. Bf3 Nxf2 43. Bg2 Nd3
44. Rb1 Nb4 45. Bf3 Kf6 46. Rf1 Kg5 47. Rd1 Rxd1+ 48. Bxd1 Kf4 49. Kf2 g5
50. Bh5 f5 51. Bf7 Ke4 52. Ke2 d4 53. Be6 f4 54. Bg4 d3+ 55. Kf2 Nd5 56.
Bh5 Nc3 57. b4 d2 58. Bg6+ Ke5 59. Bc2 d1=Q 0-1

[Event "Bundesliga 2008-9"]
[Site "Munich GER"]
[Date "2008.10.26"]
[Round "4"]
[White "Vogt,L"]
[Black "Terekhov,A"]
[Result "1/2-1/2"]
[WhiteElo "2446"]
[BlackElo "2322"]
[EventDate "2008.10.03"]

1. e4 e5 2. Bc4 Nf6 3. d3 c6 4. Nf3 d5 5. Bb3 Bd6 6. Nc3 dxe4 7. Ng5 O-O 8.
Ngxe4 Nxe4 9. Nxe4 Bf5 10. Qf3 Bxe4 11. dxe4 Nd7 12. c3 a5 13. O-O Nc5 14.
Bc2 Qc7 15. Be3 a4 16. Rad1 b5 17. Rd2 Rfd8 18. Rfd1 Be7 19. Qg3 Ne6 20. b4
axb3 21. Bxb3 Nf4 22. Qf3 Bf6 23. c4 Ne6 24. cxb5 cxb5 25. Bxe6 fxe6 26. g3
Rxd2 27. Rxd2 Qc1+ 28. Kg2 Qc4 1/2-1/2

[Event "Bundesliga 2008-9"]
[Site "Munich GER"]
[Date "2008.10.26"]
[Round "4"]
[White "Deglmann,L"]
[Black "Dudek,Ri"]
[Result "1-0"]
[WhiteElo "2342"]
[BlackElo "2254"]
[EventDate "2008.10.03"]

1. d4 Nf6 2. Nf3 e6 3. e3 b6 4. Bd3 Bb7 5. O-O Be7 6. b3 O-O 7. Bb2 Ne4 8.
Nfd2 f5 9. f3 Nxd2 10. Nxd2 d5 11. c4 c5 12. cxd5 exd5 13. f4 cxd4 14. Bxd4
Nc6 15. Nf3 Bc5 16. Rc1 Qe7 17. Re1 Ba3 18. Rb1 Rac8 19. Re2 Bc5 20. Bb5
Bxd4 21. exd4 Qb4 22. Bxc6 Rxc6 23. Re5 Rc7 24. Qe2 Qa3 25. Re1 Rc1 26. Re7
Rxe1+ 27. Qxe1 Bc8 28. Qe5 Rf7 29. Re8+ Rf8 30. Rxc8 1-0

[Event "Bundesliga 2008-9"]
[Site "Munich GER"]
[Date "2008.10.26"]
[Round "4"]
[White "Dekan,H"]
[Black "Lentrodt,T"]
[Result "1/2-1/2"]
[WhiteElo "2187"]
[BlackElo "2301"]
[EventDate "2008.10.03"]

1. e4 e6 2. d4 d5 3. exd5 exd5 4. Bd3 Bd6 5. h3 Ne7 6. Nf3 Bf5 7. Bxf5 Nxf5
8. Qd3 Qc8 9. O-O O-O 10. Re1 Ne7 11. Nc3 c6 12. Bg5 f6 13. Bf4 Bxf4 14.
Rxe7 Bd6 15. Re2 Re8 16. Rae1 Rxe2 17. Rxe2 Na6 18. Nh4 Qd7 19. Nf5 Bf8 20.
a3 Re8 21. Rxe8 Qxe8 22. Qe2 Qxe2 23. Nxe2 Nc7 24. Kf1 g6 25. Ne3 Ne8 26.
c4 dxc4 27. Nxc4 b6 28. Nc3 Nc7 29. g3 Kf7 30. Ke2 Ke6 31. Kd3 Be7 32. f3
Bd8 33. Ne2 Nd5 34. Ne3 Ne7 35. Nf4+ Kd7 36. Ne2 Bc7 37. Ke4 Nc8 38. Nc4
Ke6 39. Kd3 b5 40. Ne3 a5 41. d5+ cxd5 42. Nd4+ Kf7 43. Nxd5 Bxg3 44. Nxb5
Be5 45. b4 axb4 46. Nxb4 Nb6 47. Nc3 Ke6 48. Nc6 Bxc3 49. Kxc3 Kd6 50. Nb4
Kc5 51. Kd3 Na4 52. Ke3 Kc4 53. Kf4 Nc5 54. h4 Ne6+ 55. Ke4 Nd4 56. Kf4 Nb5
57. Nc6 Nxa3 58. Ne7 Nb5 59. Ng8 g5+ 60. hxg5 fxg5+ 61. Kxg5 1/2-1/2

[Event "Bundesliga 2008-9"]
[Site "Kreuzberg GER"]
[Date "2008.10.25"]
[Round "3"]
[White "Markos,J"]
[Black "Sargissian,G"]
[Result "1/2-1/2"]
[WhiteElo "2557"]
[BlackElo "2642"]
[EventDate "2008.10.03"]

1. d4 d5 2. c4 c6 3. Nc3 Nf6 4. e3 e6 5. Nf3 Nbd7 6. Qc2 Bd6 7. Bd3 dxc4 8.
Bxc4 b5 9. Bd3 Bb7 10. Bd2 O-O 11. Ng5 h6 12. Nge4 Be7 13. Nxf6+ Bxf6 14.
Ne4 b4 15. a3 a5 16. axb4 axb4 1/2-1/2

[Event "Bundesliga 2008-9"]
[Site "Kreuzberg GER"]
[Date "2008.10.25"]
[Round "3"]
[White "Socko,B"]
[Black "Miezis,N"]
[Result "0-1"]
[WhiteElo "2631"]
[BlackElo "2552"]
[EventDate "2008.10.03"]

1. e4 c5 2. Nf3 e6 3. d4 cxd4 4. Nxd4 a6 5. Nc3 Qc7 6. Be2 b5 7. O-O Bb7 8.
Bf3 Nc6 9. Nxc6 dxc6 10. Qe2 Bd6 11. g3 Nf6 12. b3 Be5 13. Bb2 O-O 14. Nd1
c5 15. Bg2 Rfd8 16. c3 Qc6 17. f4 Bc7 18. c4 Ba5 19. Bxf6 gxf6 20. Rf2 Qd7
21. f5 Qd4 22. Nb2 Bd2 23. Rd1 Qxb2 24. Rxd2 Qc1+ 25. Bf1 e5 26. Rc2 Qd1
27. cxb5 axb5 28. Rxc5 Qd4 29. Rxb5 Bxe4 30. Qg4+ Kf8 31. a4 Rac8 32. Bc4
Qa1+ 33. Rf1 Qd4+ 34. Rf2 Rxc4 35. bxc4 Qa1+ 36. Rf1 Qd4+ 37. Rf2 Qxc4 38.
Rb1 Rd4 39. Rb8+ Ke7 40. Qe2 Qxa4 41. Qe3 Qa7 42. Rb3 Qa1+ 43. Rf1 Qa2 0-1

[Event "Bundesliga 2008-9"]
[Site "Kreuzberg GER"]
[Date "2008.10.25"]
[Round "3"]
[White "Polzin,R"]
[Black "Maksimenko,A"]
[Result "1/2-1/2"]
[WhiteElo "2500"]
[BlackElo "2536"]
[EventDate "2008.10.03"]

1. e4 c5 2. Nc3 d6 3. f4 g6 4. Nf3 Bg7 5. Bc4 Nc6 6. O-O Nf6 7. Bb3 O-O 8.
Qe1 a6 9. e5 dxe5 10. fxe5 Nd7 11. Kh1 Nd4 12. Qg3 Nxf3 13. Rxf3 e6 14. d3
b5 15. Bf4 Nb6 16. Re3 Bb7 17. a3 Qc7 18. Qh4 Rfd8 19. Rae1 c4 20. Ba2 Nd5
21. Nxd5 Rxd5 22. dxc4 Rd2 23. R3e2 Rxe2 24. Rxe2 Rd8 25. Qf2 bxc4 26. c3
h6 27. Re1 g5 28. Be3 Rd5 29. Bb6 Qc6 30. Bd4 a5 31. Kg1 Rd7 32. Qe2 Ba6
33. Bb1 Bb7 34. Qf2 Qb5 35. h4 gxh4 36. Be4 Bxe4 37. Rxe4 Rb7 38. Re2 Qb3
39. Qxh4 Qd1+ 40. Kf2 Qb1 41. Qd8+ Kh7 42. Qxa5 Rxb2 43. Rxb2 Qxb2+ 44. Kf3
Qb1 45. Qa8 Qf5+ 46. Ke3 Qd3+ 47. Kf4 Qf5+ 48. Ke3 Qd3+ 1/2-1/2

[Event "Bundesliga 2008-9"]
[Site "Kreuzberg GER"]
[Date "2008.10.25"]
[Round "3"]
[White "Luther,T"]
[Black "Lauber,A"]
[Result "1/2-1/2"]
[WhiteElo "2532"]
[BlackElo "2497"]
[EventDate "2008.10.03"]

1. e4 c6 2. d4 d5 3. Nd2 dxe4 4. Nxe4 Bf5 5. Ng3 Bg6 6. h4 h6 7. Nf3 e6 8.
Ne5 Bh7 9. Bd3 Bxd3 10. Qxd3 Nd7 11. f4 Bb4+ 12. Bd2 Bxd2+ 13. Qxd2 Ngf6
14. O-O-O O-O 15. Rhe1 Qc7 16. Ne4 Nxe4 17. Rxe4 Rad8 18. g4 Nxe5 19. Rxe5
Rd5 20. Rxd5 exd5 21. Re1 Qd8 22. g5 hxg5 23. fxg5 Re8 24. b3 Rxe1+ 25.
Qxe1 g6 26. Qe5 a6 27. a4 Qd7 28. Qb8+ Kg7 29. Qe5+ Kg8 30. Qb8+ Kg7 31.
Qf4 Qd8 32. Kb2 Kg8 33. Qe5 Kh7 34. Qf4 Kg7 35. Qe5+ 1/2-1/2

[Event "Bundesliga 2008-9"]
[Site "Kreuzberg GER"]
[Date "2008.10.25"]
[Round "3"]
[White "Schilow,W"]
[Black "Berndt,S"]
[Result "1/2-1/2"]
[WhiteElo "2410"]
[BlackElo "2440"]
[EventDate "2008.10.03"]

1. e4 c5 2. Nf3 d6 3. Nc3 Nf6 4. e5 dxe5 5. Nxe5 Nbd7 6. Nc4 e6 7. g3 Nb6
8. b3 Be7 9. Bg2 O-O 10. O-O Nbd5 11. Bb2 b6 12. Qe2 Bb7 13. Ne4 Nxe4 14.
Bxe4 Bf6 15. Ne5 Qc7 16. c4 Ne7 17. Bxb7 Qxb7 18. d4 Nf5 19. dxc5 bxc5 20.
Rad1 Rad8 21. Rfe1 h6 22. Bc3 Rfe8 23. Ba1 Qa8 24. Qf3 Qxf3 25. Nxf3 Bxa1
26. Rxa1 Rd3 27. Kg2 Red8 28. Re5 Rc8 1/2-1/2

[Event "Bundesliga 2008-9"]
[Site "Kreuzberg GER"]
[Date "2008.10.25"]
[Round "3"]
[White "Thiede,L"]
[Black "Richter,Mic"]
[Result "0-1"]
[WhiteElo "2464"]
[BlackElo "2421"]
[EventDate "2008.10.03"]

1. g3 d5 2. Bg2 c5 3. Nf3 Nc6 4. O-O e5 5. d3 Nf6 6. Na3 Bd6 7. Bg5 Be6 8.
e4 d4 9. Ne1 h6 10. Bd2 a6 11. f4 b5 12. f5 Bd7 13. g4 Qe7 14. h3 O-O-O 15.
c4 dxc3 16. bxc3 c4 17. Nac2 cxd3 18. Nxd3 Na5 19. Qe2 Nc4 20. Be1 Bc6 21.
Ncb4 Qb7 22. Nxc6 Qxc6 23. Bf2 Ba3 24. Rfd1 Nd7 25. Nb4 Bxb4 26. cxb4 Ndb6
27. h4 f6 28. Kh2 Rxd1 29. Rxd1 Rd8 30. Rxd8+ Kxd8 31. Qd3+ Qd7 32. Bf1
Qxd3 33. Bxd3 Na4 34. Be1 Nab2 35. Be2 Nd6 36. Bf3 Nd3 37. Bd2 Nc4 38. Bc3
Nc1 39. Kg3 Nxa2 40. Be1 Ne3 41. g5 hxg5 42. hxg5 Nc2 43. Bd2 Naxb4 44. Kg4
Ke7 45. Kh5 Kf7 46. gxf6 gxf6 47. Kh6 Nd3 48. Bh5+ Ke7 49. Kg7 Nc5 50. Bd1
Nxe4 51. Bc1 Nd4 52. Ba3+ Nd6 53. Bxd6+ Kxd6 54. Kxf6 e4 55. Kg5 e3 56. f6
e2 0-1

[Event "Bundesliga 2008-9"]
[Site "Kreuzberg GER"]
[Date "2008.10.25"]
[Round "3"]
[White "Kalinitschew,S"]
[Black "Abel,D"]
[Result "1-0"]
[WhiteElo "2492"]
[BlackElo "2328"]
[EventDate "2008.10.03"]

1. d4 d5 2. c4 c6 3. Nf3 Nf6 4. e3 Bf5 5. Nc3 e6 6. Nh4 Bg6 7. Qb3 Qc7 8.
Nxg6 hxg6 9. Bd2 dxc4 10. Bxc4 b5 11. Bf1 Rxh2 12. Rxh2 Qxh2 13. O-O-O Nbd7
14. Kb1 Rc8 15. f3 Qb8 16. e4 Nb6 17. Be2 Qh2 18. g4 Be7 19. Re1 Qf2 20. d5
Nc4 21. Bxc4 Qxd2 22. Rd1 Qf4 23. d6 Bxd6 24. Bxe6 Rc7 25. Bxf7+ Rxf7 26.
Qe6+ Re7 27. Qxd6 Qxd6 28. Rxd6 Nd7 29. Rxc6 Ne5 30. Rc8+ Kf7 31. Nd5 Rb7
32. Rc3 g5 33. a3 Ke6 34. Kc2 Kd6 35. Ne3 g6 36. Nf1 Rh7 37. Nd2 Rh2 38.
Kd1 a6 39. Rc8 a5 40. Rd8+ Kc7 41. Rd5 Nc6 42. Kc2 a4 43. Kc3 Re2 44. Kd3
1-0

[Event "Bundesliga 2008-9"]
[Site "Kreuzberg GER"]
[Date "2008.10.25"]
[Round "3"]
[White "Gustafsson,J"]
[Black "Maiwald,JU"]
[Result "1/2-1/2"]
[WhiteElo "2634"]
[BlackElo "2508"]
[EventDate "2008.10.03"]

1. d4 Nf6 2. c4 g6 3. Nf3 Bg7 4. g3 O-O 5. Bg2 c5 6. O-O cxd4 7. Nxd4 d5 8.
cxd5 Nxd5 9. Nc3 Nxc3 10. bxc3 a6 11. Ba3 Qc7 12. Qb3 Re8 13. Rab1 Nd7 14.
Nc2 Ra7 15. Ne3 e6 16. Nc4 b5 17. Nd6 Rd8 18. c4 bxc4 19. Nxc4 Nc5 20. Qb4
Bf8 21. Qa5 Qxa5 22. Nxa5 Bd7 23. Rfd1 Rc8 24. Nb7 Nxb7 25. Bxf8 Na5 26.
Bh6 Bb5 27. Bf3 f6 28. Be3 Re7 29. Rbc1 Nc4 30. Bd4 Kf7 31. Ba1 Rec7 32.
Rd3 Ne5 1/2-1/2

[Event "Bundesliga 2008-9"]
[Site "Kreuzberg GER"]
[Date "2008.10.25"]
[Round "3"]
[White "Uhlmann,W"]
[Black "Baramidze,D"]
[Result "1/2-1/2"]
[WhiteElo "2417"]
[BlackElo "2557"]
[EventDate "2008.10.03"]

1. c4 e6 2. Nc3 d5 3. d4 c6 4. e3 Nf6 5. Nf3 Nbd7 6. Qc2 Bd6 7. e4 dxe4 8.
Nxe4 Nxe4 9. Qxe4 c5 10. Be2 Nf6 11. Qd3 cxd4 12. Nxd4 Bb4+ 13. Bd2 Bxd2+
14. Qxd2 Ne4 15. Qe3 Qa5+ 16. Kf1 Nf6 17. f3 O-O 18. Kf2 Bd7 19. Rhd1 e5
20. Nb3 Qc7 21. Qc5 Rfc8 22. Qxc7 Rxc7 23. Nd2 Kf8 24. b3 Rd8 25. Nf1 Ke7
26. Ne3 Be6 27. Rxd8 Kxd8 28. Rd1+ Rd7 29. b4 b6 30. a3 Ke7 31. Rxd7+ Nxd7
32. Bd3 g6 33. g4 a5 1/2-1/2

[Event "Bundesliga 2008-9"]
[Site "Kreuzberg GER"]
[Date "2008.10.25"]
[Round "3"]
[White "Ftacnik,L"]
[Black "Roos,M GER"]
[Result "1-0"]
[WhiteElo "2571"]
[BlackElo "2367"]
[EventDate "2008.10.03"]

1. Nf3 Nf6 2. c4 g6 3. Nc3 Bg7 4. e4 d6 5. d4 O-O 6. Be2 e5 7. O-O Na6 8.
Re1 c6 9. Bf1 Bg4 10. d5 c5 11. a3 Ne8 12. Be2 Bd7 13. g3 f5 14. exf5 gxf5
15. Ng5 Nac7 16. f4 e4 17. Be3 Kh8 18. Kh1 Nf6 19. Qd2 b6 20. b4 h6 21. Nh3
Ng4 22. Bxg4 fxg4 23. Nf2 Bf5 24. h3 Qd7 25. Rac1 Rae8 26. Qd1 h5 27. Bd2
cxb4 28. axb4 b5 29. Ncxe4 bxc4 30. Bc3 Nb5 31. Bxg7+ Qxg7 32. Rxc4 Re7 33.
Ng5 Rfe8 34. Rxe7 Rxe7 35. hxg4 hxg4 36. Ne6 Bxe6 37. dxe6 Qh6+ 38. Kg2
Qxe6 39. Re4 Qf7 40. Rxe7 Qxe7 41. Qxg4 Qb7+ 42. Qf3 1-0

[Event "Bundesliga 2008-9"]
[Site "Kreuzberg GER"]
[Date "2008.10.25"]
[Round "3"]
[White "Gauglitz,G"]
[Black "Hansen,SuB"]
[Result "1/2-1/2"]
[WhiteElo "2397"]
[BlackElo "2543"]
[EventDate "2008.10.03"]

1. d4 d5 2. c4 c6 3. cxd5 cxd5 4. Nc3 Nf6 5. Nf3 Nc6 6. Bf4 a6 7. e3 Bg4 8.
Bd3 e6 9. h3 Bxf3 10. Qxf3 Bd6 11. O-O O-O 12. Rac1 Rc8 13. Ne2 Bxf4 14.
Nxf4 Qd6 15. Bb1 Rc7 16. Rcd1 Rfc8 17. g4 Ne7 18. h4 Nd7 19. g5 Rd8 20. Qg2
Nb6 21. b3 e5 22. dxe5 Qxe5 23. Qe4 Qxe4 24. Bxe4 Rcd7 25. Bf3 d4 1/2-1/2

[Event "Bundesliga 2008-9"]
[Site "Kreuzberg GER"]
[Date "2008.10.25"]
[Round "3"]
[White "Mueller,Kar"]
[Black "Hoffmann,Pau"]
[Result "1-0"]
[WhiteElo "2517"]
[BlackElo "2338"]
[EventDate "2008.10.03"]

1. e4 c5 2. Nf3 d6 3. d4 cxd4 4. Nxd4 Nf6 5. Nc3 g6 6. Be2 Bg7 7. O-O O-O
8. Re1 Nc6 9. Nb3 Be6 10. Bg5 Re8 11. Bf1 h6 12. Bh4 Rc8 13. h3 Qb6 14. Qd2
g5 15. Bg3 Nh5 16. Bh2 Ne5 17. Nd5 Bxd5 18. exd5 Nf4 19. Bxf4 gxf4 20. c3
f3 21. g3 a5 22. Re4 e6 23. Rd1 Red8 24. Rf4 Rc7 25. dxe6 fxe6 26. Nd4 d5
27. Nxf3 Ng6 28. Rg4 e5 29. Bd3 Rc6 30. c4 d4 31. Qe2 Rf8 32. Nxe5 1-0

[Event "Bundesliga 2008-9"]
[Site "Kreuzberg GER"]
[Date "2008.10.25"]
[Round "3"]
[White "Eichner,S"]
[Black "Heinemann,T"]
[Result "0-1"]
[WhiteElo "2326"]
[BlackElo "2490"]
[EventDate "2008.10.03"]

1. Nf3 Nf6 2. c4 c5 3. Nc3 e6 4. g3 b6 5. Bg2 Bb7 6. O-O Be7 7. Re1 O-O 8.
e4 d6 9. d4 cxd4 10. Nxd4 Qc8 11. Be3 Na6 12. f4 h6 13. Rc1 Nc5 14. Bf2 a6
15. f5 e5 16. Nc2 a5 17. Nd5 Nxd5 18. cxd5 Qd7 19. Ne3 Ba6 20. Rc3 Rfc8 21.
f6 Bxf6 22. Nf5 Qd8 23. Qg4 Nd3 24. Nxh6+ Kf8 25. Nxf7 Kxf7 26. Qh5+ Kf8
27. Bh3 Rxc3 28. Be6 Qe8 29. Qh7 Nxe1 30. bxc3 Nf3+ 31. Kg2 Ng5 0-1

[Event "Bundesliga 2008-9"]
[Site "Kreuzberg GER"]
[Date "2008.10.25"]
[Round "3"]
[White "Huschenbeth,N"]
[Black "Loxine,J"]
[Result "1/2-1/2"]
[WhiteElo "2417"]
[BlackElo "2338"]
[EventDate "2008.10.03"]

1. e4 c5 2. Nf3 Nc6 3. d4 cxd4 4. Nxd4 e5 5. Nb5 d6 6. N1c3 a6 7. Na3 Be7
8. Nd5 Nf6 9. Be3 Nxd5 10. exd5 Nd4 11. Bd3 Nf5 12. Bd2 Nh4 13. O-O O-O 14.
Nc4 f5 15. f4 exf4 16. Rxf4 b6 17. Qf1 Bg5 18. Rf2 Bxd2 19. Nxd2 Bb7 20. c4
Qg5 21. Nb3 Rae8 22. Nd4 Qe3 23. Nc2 Qg5 24. Nd4 Qe3 25. Nc2 Qg5 26. Re1
Bc8 27. Nd4 f4 28. Rxe8 Rxe8 29. Nf3 Nxf3+ 30. Rxf3 Qe5 31. Rxf4 Qxb2 32.
h3 Qc3 33. Qf3 Qe1+ 34. Kh2 Qe5 35. Kh1 Qe1+ 36. Kh2 Qe5 37. Kh1 Qe1+
1/2-1/2

[Event "Bundesliga 2008-9"]
[Site "Kreuzberg GER"]
[Date "2008.10.25"]
[Round "3"]
[White "Wegener,D1"]
[Black "Sebastian,D"]
[Result "1/2-1/2"]
[WhiteElo "2353"]
[BlackElo "2432"]
[EventDate "2008.10.03"]

1. e4 e5 2. Nf3 Nc6 3. Bb5 a6 4. Ba4 Nf6 5. O-O Bc5 6. c3 b5 7. Bc2 d5 8.
d4 dxe4 9. Nbd2 exf3 10. Qxf3 Be7 11. Qxc6+ Bd7 12. Qf3 exd4 13. cxd4 O-O
14. Ne4 Nxe4 15. Bxe4 Rb8 16. Bf4 Rb6 17. Be5 Bd6 18. Qg3 Bxe5 19. dxe5 Bc6
20. Rad1 Qa8 21. Bc2 Be4 22. Bxe4 Qxe4 23. Rfe1 Qc2 24. Qb3 Rc6 25. Qb4 Qc4
26. Qxc4 Rxc4 27. Re2 1/2-1/2

[Event "Bundesliga 2008-9"]
[Site "Kreuzberg GER"]
[Date "2008.10.26"]
[Round "4"]
[White "Maiwald,JU"]
[Black "Markos,J"]
[Result "1/2-1/2"]
[WhiteElo "2508"]
[BlackElo "2557"]
[EventDate "2008.10.03"]

1. d4 Nf6 2. c4 g6 3. Nc3 Bg7 4. e4 O-O 5. Be3 d6 6. f3 c5 7. Nge2 Nc6 8.
d5 Ne5 9. Ng3 e6 10. Be2 exd5 11. cxd5 a6 12. a4 h5 13. O-O Nh7 14. Qd2 h4
15. Nh1 f5 16. Nf2 b6 17. Rab1 g5 18. exf5 Bxf5 19. Nfe4 g4 20. fxg4 Bxg4
21. h3 Bf5 22. Rbe1 Qd7 23. Ng5 1/2-1/2